000 00507nam a22001937a 4500
003 OSt
005 20160831174724.0
008 160831b xxu||||| |||| 00| 0 eng d
020 _a0764516795
040 _cDDC.
082 _a005.447COB 2003.
100 _aCobb,Chey;
_910966
245 _aNetwork security for Dummies.
260 _aNew York.
_bWiley Publishing,Inc.
_c2003.
300 _axx,380p;
_bill.
_c24cm.
504 _aincludes index.
650 _aNetwork security.
_94609
942 _2ddc
_cO_SHELF
999 _c5125
_d5125